header

ABC of women workers' rights and gender equality (Record no. 223085)

MARC details
000 -LEADER
fixed length control field 01250nam a2200325 a 4500
245 00 - TITLE STATEMENT
Title ABC of women workers' rights and gender equality
250 ## - EDITION STATEMENT
Edition statement 2nd ed.
260 ## - PUBLICATION, DISTRIBUTION, ETC. (IMPRINT)
Place of publication Geneva :
Name of publisher International Labour Office,
Year of publication c2007.
300 ## - PHYSICAL DESCRIPTION
Number of Pages xii, 209 p.
650 #0 - SUBJECT ADDED ENTRY--TOPICAL TERM
Topical Term Women
Topical Term Sex discrimination in employment
Topical Term Women's rights.
856 40 - ELECTRONIC LOCATION AND ACCESS
Uniform Resource Identifier http://site.ebrary.com/lib/rucke/Doc?id=10512166

No items available.

© 2026 Rongo University
Contact us: librarian | system librarian | Rongo university